MARC details
| 000 -CABECERA |
| campo de control de longitud fija |
01044cam a2200265 a 4500 |
| 001 - NÚMERO DE CONTROL |
| campo de control |
000014702 |
| 005 - FECHA Y HORA DE LA ÚLTIMA TRANSACCIÓN |
| campo de control |
20200929163905.0 |
| 008 - DATOS DE LONGITUD FIJA--INFORMACIÓN GENERAL |
| campo de control de longitud fija |
030317s2001 mx b 001 0 spa |
| 020 ## - NÚMERO INTERNACIONAL ESTÁNDAR DEL LIBRO |
| Número Internacional Estándar del Libro |
9707020156 |
| 040 ## - FUENTE DE LA CATALOGACIÓN |
| Centro catalogador/agencia de origen |
DO-SdBNP |
| Lengua de catalogación |
spa |
| Centro/agencia transcriptor |
DLC |
| Centro/agencia modificador |
BNPHU |
| 082 ## - NÚMERO DE LA CLASIFICACIÓN DECIMAL DEWEY |
| Número de clasificación |
320.972 |
| Número de documento/Ítem |
R696e |
| 049 ## - FONDOS LOCALES (OCLC) |
| Fondos de biblioteca |
BNGR |
| 100 1# - ENTRADA PRINCIPAL--NOMBRE DE PERSONA |
| Nombre de persona |
Rodríguez Ledesma, Xavier, |
| Fechas asociadas al nombre |
1960- |
| 9 (RLIN) |
33336 |
| 245 10 - MENCIÓN DE TÍTULO |
| Título |
Escritores y poder : |
| Resto del título |
la dualidad republicana en México, 1968-1994 / |
| Mención de responsabilidad, etc. |
Xavier Rodríguez Ledesma. |
| 260 ## - PUBLICACIÓN, DISTRIBUCIÓN, ETC. |
| Lugar de publicación, distribución, etc. |
México : |
| Nombre del editor, distribuidor, etc. |
Universidad Pedagógica Nacional, |
| -- |
Fondo Nacional para la Cultura y las Artes, |
| Fecha de publicación, distribución, etc. |
2001. |
| 300 ## - DESCRIPCIÓN FÍSICA |
| Extensión |
327 p. ; |
| Dimensiones |
22 cm. |
| 490 1# - MENCIÓN DE SERIE |
| Mención de serie |
Textos ; |
| Designación de volumen o secuencia |
19 |
| 504 ## - NOTA DE BIBLIOGRAFÍA, ETC. |
| Nota de bibliografía, etc. |
Incluye referencias bibliográficas (p. 305-315). |
| 650 #4 - PUNTO DE ACCESO ADICIONAL DE MATERIA--TÉRMINO DE MATERIA |
| Término de materia o nombre geográfico como elemento de entrada |
Intelectuales |
| Subdivisión general |
Actividad política |
| Subdivisión geográfica |
México |
| Subdivisión cronológica |
1968-1994 |
| 9 (RLIN) |
33337 |
| 651 #4 - PUNTO DE ACCESO ADICIONAL DE MATERIA--NOMBRE GEOGRÁFICO |
| Nombre geográfico |
México |
| Subdivisión general |
Política Y Gobierno |
| Subdivisión cronológica |
1968-1994 |
| 9 (RLIN) |
33338 |
| 651 #4 - PUNTO DE ACCESO ADICIONAL DE MATERIA--NOMBRE GEOGRÁFICO |
| Nombre geográfico |
México |
| Subdivisión general |
Vida Intelectual |
| Subdivisión cronológica |
1968-1994 |
| 9 (RLIN) |
33339 |
| 650 #4 - PUNTO DE ACCESO ADICIONAL DE MATERIA--TÉRMINO DE MATERIA |
| Término de materia o nombre geográfico como elemento de entrada |
Literatura mexicana |
| Subdivisión cronológica |
SIGLO XX |
| Subdivisión general |
Historia y crítica |
| 9 (RLIN) |
14194 |
| 830 #0 - PUNTO DE ACCESO ADICIONAL DE SERIE-TÍTULO UNIFORME |
| Título uniforme |
Textos ; |
| Designación de volumen o secuencia |
19 |
| 9 (RLIN) |
14460 |
| 910 ## - DATOS DE OPCIÓN DEL USUARIO (OCLC) |
| Datos de opción del usuario |
Catalogación derivada |